El pensamiento político de la Ilustración ante los problemas actuales.

Kaydedildi:
Detaylı Bibliyografya
Diğer Yazarlar: Ayuso Torres, Miguel (Editör), Elton, María (autora), Weinacht, Paul-Ludwig (autor), Gallego, Elio-Alfonso (autor), Negro Pavón, Dalmacio (autor)
Materyal Türü: Kitap
Dil:İspanyolca
Baskı/Yayın Bilgisi: Santiago, Chile: Fundación de Ciencias Humanas, 2010.
Konular:
Etiketler: Etiketle
Etiket eklenmemiş, İlk siz ekleyin!

MARC

LEADER 00000nam a2200000 a 4500
001 UCG4974
003 CL-VaPUC
005 20250313110308.0
008 101216e20100000CL |||||||||||||||||spa|d
999 |c 343572  |d 343570 
040 |c Pontificia Universidad Católica de Valparaíso 
082 0 4 |a 320.5 AYU 2010  |2 21 
100 0 |a Ayuso Torres, Miguel  |e editor  |9 554479 
245 1 3 |a El pensamiento político de la Ilustración ante los problemas actuales.  
260 |a Santiago, Chile:   |b Fundación de Ciencias Humanas,   |c 2010.  
300 |a 197 páginas.  
500 |a c.2 Donación Familia Prof. Alejandro Guzmán Brito. 
583 |a last modification  |c 20160913 04:43:02  |k Rodrigo Vera 
650 0 |a Ideologías políticas   |9 255735  |x Aspectos sociales 
650 0 |a Filosofía política  |9 295215 
700 0 |a Elton, María  |e autora  |9 554480 
700 0 |a Weinacht, Paul-Ludwig  |e autor  |9 554481 
700 |a Gallego, Elio-Alfonso  |e autor  |9 554482 
700 |a Negro Pavón, Dalmacio  |e autor  |9 614996 
942 |c BK  |2 ddc  |n 0 
945 |d 20101216 00:00:00  |a dcastane 
952 |0 0  |1 0  |4 0  |6 320_500000000000000_AYU_2010  |7 0  |8 A  |9 440974  |a BIBEDU  |b BIBEDU  |d 2019-11-22  |i 4735382  |l 1  |o 320.5 AYU 2010  |p 4735382  |r 2025-03-07  |s 2025-03-07  |w 2019-11-22  |y BK  |k FIL 
952 |0 0  |1 0  |2 ddc  |4 0  |6 320_500000000000000_AYU_2010  |7 1  |8 C_AGB  |9 580979  |a BIBDER  |b BIBDER  |d 2022-01-31  |e Donación   |i 5643244  |o 320.5 AYU 2010  |p 5643244  |r 2023-01-25  |t 2  |w 2022-01-31  |y BK_US  |k AGB